[Event "St Petersburg Rudenko Memorial (Women)"]
[Site "St Petersburg"]
[Date "2005.08.28"]
[Round "9"]
[White "Molchanova, Tatjana"]
[Black "Iodo, Anna"]
[Result "1/2-1/2"]
[WhiteElo "2292"]
[BlackElo "2168"]
[PlyCount "85"]
[EventDate "2005.08.20"]
[EventType "swiss"]
[EventRounds "9"]
[EventCountry "RUS"]
[SourceTitle "CBM 107 Extra"]
[Source "ChessBase"]
[SourceDate "2005.09.01"]
[SourceVersion "1"]
[SourceVersionDate "2005.09.01"]
[SourceQuality "1"]

1. e4 c5 2. Nf3 Nc6 3. d4 cxd4 4. Nxd4 g6 5. c4 Nf6 6. Nc3 Nxd4 7. Qxd4 d6 8. Be2 Bg7 9. 0-0 0-0 10. Qd3 Be6 11. Be3 Ng4 12. Bxg4 Bxg4 13. Bd4 Bxd4 14. Qxd4 Be6 15. b3 Qc7 16. Rad1 Qc5 17. Nd5 Bxd5 18. Qxc5 dxc5 19. Rxd5 b6 20. Rfd1 Rfb8 21. Kf1 Kf8 22. Ke2 Ke8 23. R1d3 e6 24. Rd6 Rd8 25. Ke3 Rxd6 26. Rxd6 Rd8 27. Rxd8+ Kxd8 28. Kf4 h6 29. h4 Ke7 30. e5 Kd7 31. g4 Ke7 32. h5 gxh5 33. g5 hxg5+ 34. Kxg5 f6+ 35. exf6+ Kf7 36. f4 h4 37. Kxh4 Kxf6 38. Kg4 Kg6 39. Kg3 Kf5 40. Kf3 e5 41. fxe5 Kxe5 42. Ke3 Kf5 43. Kf3 1/2-1/2

[Event "St Petersburg Rudenko Memorial (Women)"]
[Site "St Petersburg"]
[Date "2005.08.26"]
[Round "7"]
[White "Iodo, Anna"]
[Black "Kuznetsova, Tatiana"]
[Result "1-0"]
[WhiteElo "2168"]
[BlackElo "2010"]
[PlyCount "63"]
[EventDate "2005.08.20"]
[EventType "swiss"]
[EventRounds "9"]
[EventCountry "RUS"]
[SourceTitle "CBM 107 Extra"]
[Source "ChessBase"]
[SourceDate "2005.09.01"]
[SourceVersion "1"]
[SourceVersionDate "2005.09.01"]
[SourceQuality "1"]

1. e4 c5 2. b3 Nc6 3. f4 Qc7 4. g3 d6 5. Bb2 Nf6 6. Qf3 Bg4 7. Qg2 Bd7 8. Nc3 Nd4 9. 0-0-0 Rc8 10. d3 b5 11. Nce2 Ng4 12. Rd2 e5 13. h3 Nf6 14. Nf3 h5 15. Kb1 a5 16. Nfxd4 cxd4 17. c3 dxc3 18. Nxc3 b4 19. Na4 Be7 20. d4 exd4 21. Ba6 Rb8 22. Rc1 Qa7 23. Qe2 Bxa4 24. bxa4 0-0 25. Bxd4 Qd7 26. e5 Nd5 27. Qxh5 Nc3+ 28. Ka1 dxe5 29. Bxc3 Qe6 30. Qxe5 Qxe5 31. Bxe5 Rb6 32. Bb5 1-0

[Event "St Petersburg Rudenko Memorial (Women)"]
[Site "St Petersburg"]
[Date "2005.08.25"]
[Round "6"]
[White "Bezgodova, Svetlana"]
[Black "Iodo, Anna"]
[Result "1-0"]
[WhiteElo "2193"]
[BlackElo "2168"]
[PlyCount "115"]
[EventDate "2005.08.20"]
[EventType "swiss"]
[EventRounds "9"]
[EventCountry "RUS"]
[SourceTitle "CBM 107 Extra"]
[Source "ChessBase"]
[SourceDate "2005.09.01"]
[SourceVersion "1"]
[SourceVersionDate "2005.09.01"]
[SourceQuality "1"]

1. e4 c5 2. a3 g6 3. d4 cxd4 4. Qxd4 Nf6 5. Bb5 Nc6 6. Bxc6 dxc6 7. Qxd8+ Kxd8 8. Nc3 e5 9. Bg5 Bg7 10. f3 h6 11. Bh4 Kc7 12. Nge2 Be6 13. Bg3 Nh5 14. 0-0-0 Nxg3 15. hxg3 b5 16. b3 a5 17. a4 b4 18. Nb1 h5 19. Kb2 Bh6 20. Nc1 c5 21. c4 Be3 22. Nd3 Rhd8 23. Kc2 Bd4 24. Nd2 Rd6 25. Rh4 Rad8 26. Nf1 f5 27. exf5 Bxf5 28. g4 Bf2 29. gxf5 Bxh4 30. Ne3 gxf5 31. Nxf5 e4 32. fxe4 Rg6 33. Nf4 Rxd1 34. Nxg6 Re1 35. Ngxh4 Rxe4 36. Kd3 Re1 37. Nf3 Rd1+ 38. Ke3 Rb1 39. Nd2 Rg1 40. Kf2 Rc1 41. Nh4 Kd6 42. Ne4+ Ke5 43. Nxc5 Kd4 44. Nb7 Kc3 45. Nxa5 Rd1 46. Nf3 Rd8 47. Ne5 Rf8+ 48. Kg3 Rg8+ 49. Kh3 Rg5 50. Nec6 Rc5 51. Kh4 Kb2 52. g4 hxg4 53. Kxg4 Rxc6 54. Nxc6 Kxb3 55. a5 Kxc4 56. a6 b3 57. Na5+ Kb5 58. a7 1-0

[Event "St Petersburg Rudenko Memorial (Women)"]
[Site "St Petersburg"]
[Date "2005.08.21"]
[Round "2"]
[White "Iodo, Anna"]
[Black "Tomilova, Elena"]
[Result "0-1"]
[WhiteElo "2168"]
[BlackElo "2306"]
[PlyCount "68"]
[EventDate "2005.08.20"]
[EventType "swiss"]
[EventRounds "9"]
[EventCountry "RUS"]
[SourceTitle "CBM 107 Extra"]
[Source "ChessBase"]
[SourceDate "2005.09.01"]
[SourceVersion "1"]
[SourceVersionDate "2005.09.01"]
[SourceQuality "1"]

1. e4 e6 2. d4 d5 3. Nc3 Nf6 4. e5 Nfd7 5. Nce2 c5 6. c3 Nc6 7. f4 Qa5 8. a3 cxd4 9. b4 Qb6 10. cxd4 a5 11. b5 Qxb5 12. Nc3 Qb6 13. Nf3 Be7 14. Rb1 Qd8 15. Bd3 f5 16. Nb5 0-0 17. Rg1 Nb6 18. g4 Nc4 19. Qe2 Kh8 20. gxf5 exf5 21. Bxc4 dxc4 22. Qxc4 Bd7 23. d5 Bh4+ 24. Kf1 Rc8 25. dxc6 Bxc6 26. Qe2 Be4 27. Nfd4 Bxb1 28. Bb2 Ba2 29. Nd6 Qc7 30. Qh5 Bc4+ 31. Kg2 Bd5+ 32. Kh3 Qb6 33. Qe2 Be7 34. Nxc8 Qh6+ 0-1

[Event "EU-ch (Women) 6th"]
[Site "Kishinev"]
[Date "2005.06.21"]
[Round "10"]
[White "Iodo, Anna"]
[Black "Vozovic, Oksana"]
[Result "1/2-1/2"]
[WhiteElo "2176"]
[BlackElo "2288"]
[PlyCount "172"]
[EventDate "2005.06.11"]
[EventType "swiss"]
[EventRounds "12"]
[EventCountry "MDA"]
[SourceTitle "CBM 106 Extra"]
[Source "ChessBase"]
[SourceDate "2005.07.01"]
[SourceVersion "1"]
[SourceVersionDate "2005.07.01"]
[SourceQuality "1"]

1. e4 g6 2. d4 Bg7 3. Nc3 d5 4. exd5 Nf6 5. Bc4 Nbd7 6. Nf3 Nb6 7. Bb5+ Bd7 8. Bxd7+ Qxd7 9. 0-0 Nfxd5 10. Nxd5 Qxd5 11. c3 e6 12. Bf4 c5 13. dxc5 Qxc5 14. Bd6 Qc6 15. Ne5 Qd5 16. Re1 Rc8 17. Qxd5 Nxd5 18. Rad1 Bxe5 19. Rxe5 Kd7 20. Ba3 Rhd8 21. Re4 b5 22. f4 h5 23. Kf2 Kc7 24. Red4 Kb6 25. Be7 Re8 26. Bh4 Rc6 27. Kf3 Rec8 28. a4 a5 29. Bf2 Ka6 30. axb5+ Kxb5 31. Ra1 Rc4 32. g3 Nb6 33. Rd6 Nd5 34. Bd4 a4 35. Ra3 R8c7 36. Rd8 Rc8 37. Rd7 R4c7 38. Rxc7 Rxc7 39. Ke4 Rc8 40. Kd3 Rc7 41. b3 axb3 42. Rxb3+ Kc6 43. c4 Ne7 44. Rb6+ Kd7 45. Be5 Ra7 46. c5 Nc6 47. Bd6 Ra3+ 48. Kc4 Ra4+ 49. Kb3 Ra7 50. Kc4 Ra4+ 51. Kb3 Ra7 52. Kc4 f6 53. Kb5 Ra5+ 54. Kc4 Ra4+ 55. Kb3 Ra7 56. Kc4 g5 57. fxg5 fxg5 58. Kd3 Ra3+ 59. Kc4 Ra4+ 60. Kb3 Ra7 61. Kc4 g4 62. Rb2 Ra4+ 63. Kb5 Rd4 64. Rf2 Rb4+ 65. Ka6 e5 66. Rf7+ Ke6 67. Rb7 e4 68. Bf4 Rd4 69. Kb6 Nb4 70. c6 Nd5+ 71. Kc5 Rd3 72. c7 Rc3+ 73. Kd4 e3 74. Bxe3 Rxc7 75. Rxc7 Nxc7 76. Ke4 Nd5 77. Bd4 Ne7 78. Kf4 Nf5 79. Bb2 h4 80. gxh4 Nxh4 81. Kxg4 Nf5 82. Kg5 Nd6 83. h4 Kf7 84. h5 Ne4+ 85. Kf4 Nf6 86. h6 Kg6 1/2-1/2

[Event "St Petersburg-ch (Women)"]
[Site "St Petersburg"]
[Date "2005.02.22"]
[Round "8"]
[White "Iodo, Anna"]
[Black "Molchanova, Tatjana"]
[Result "0-1"]
[WhiteElo "2184"]
[BlackElo "2297"]
[PlyCount "30"]
[EventDate "2005.02.15"]
[EventType "swiss"]
[EventRounds "9"]
[EventCountry "RUS"]
[SourceTitle "EXT 2006"]
[Source "ChessBase"]
[SourceDate "2005.11.24"]
[SourceVersion "1"]
[SourceVersionDate "2005.11.24"]
[SourceQuality "1"]

1. e4 e6 2. d4 d5 3. exd5 exd5 4. Bd3 Bd6 5. Nf3 Ne7 6. 0-0 0-0 7. Bxh7+ Kxh7 8. Ng5+ Kg8 9. Qh5 Bf5 10. g4 Bg6 11. Qh4 Qd7 12. Re1 f5 13. Nc3 fxg4 14. Ne6 Rf6 15. Qxg4 Nbc6 0-1

[Event "St Petersburg-ch (Women)"]
[Site "St Petersburg"]
[Date "2005.02.17"]
[Round "3"]
[White "Bistrikova, Elena V"]
[Black "Iodo, Anna"]
[Result "0-1"]
[WhiteElo "2185"]
[BlackElo "2184"]
[PlyCount "108"]
[EventDate "2005.02.15"]
[EventType "swiss"]
[EventRounds "9"]
[EventCountry "RUS"]
[SourceTitle "EXT 2006"]
[Source "ChessBase"]
[SourceDate "2005.11.24"]
[SourceVersion "1"]
[SourceVersionDate "2005.11.24"]
[SourceQuality "1"]

1. d4 Nf6 2. Nf3 g6 3. c4 Bg7 4. Nc3 0-0 5. e4 d6 6. Be2 Nbd7 7. 0-0 e5 8. d5 Ne8 9. Ne1 f5 10. f3 f4 11. g4 Qh4 12. Ng2 Qh3 13. Rf2 g5 14. Bf1 Qh6 15. Rc2 Qg6 16. h4 h5 17. gxh5 Qxh5 18. hxg5 Kf7 19. Ne1 Rh8 20. Rg2 Nf8 21. Kf2 Ng6 22. Ke2 Bf8 23. Kd3 Be7 24. a3 Bxg5 25. b4 Nf6 26. Raa2 Bd7 27. Qe2 Rag8 28. Rh2 Nh4 29. Bh3 Bh6 30. Bxd7 Nxd7 31. Nb5 Rg3 32. Nxc7 Nxf3 33. Rxh5 Nxe1+ 34. Kd2 Nf3+ 35. Qxf3 Rxf3 36. Ke1 Rc3 37. Kd1 Nf6 38. Nb5 Rxc1+ 39. Kxc1 Nxh5 40. Nxd6+ Kf6 41. Nxb7 f3+ 42. Kd1 Be3 43. d6 f2 44. Rxf2+ Bxf2 45. c5 Ke6 46. Ke2 Bd4 47. Kd3 Nf6 48. a4 Rh3+ 49. Kc4 Nxe4 50. Kb5 Nf6 51. Nd8+ Kd7 52. Nc6 a6+ 53. Kb6 Nd5+ 54. Kb7 Nxb4 0-1

[Event "Chigorin Memorial 12th"]
[Site "St Petersburg"]
[Date "2004.10.22"]
[Round "7"]
[White "Molchanova, Tatjana"]
[Black "Iodo, Anna"]
[Result "1-0"]
[WhiteElo "2298"]
[BlackElo "2137"]
[PlyCount "57"]
[EventDate "2004.10.16"]
[EventType "swiss"]
[EventRounds "9"]
[EventCountry "RUS"]
[SourceTitle "EXT 2005"]
[Source "ChessBase"]
[SourceDate "2004.11.15"]
[SourceVersion "1"]
[SourceVersionDate "2004.11.15"]
[SourceQuality "1"]

1. e4 c5 2. Nf3 Nc6 3. d4 cxd4 4. Nxd4 e5 5. Nb5 a6 6. Nd6+ Bxd6 7. Qxd6 Qf6 8. Qd2 Nge7 9. c4 d6 10. b3 Nd4 11. Bb2 Nec6 12. Nc3 Qg6 13. f3 0-0 14. Ne2 Nxe2 15. Bxe2 f5 16. Bd3 fxe4 17. Bxe4 Bf5 18. Bxf5 Qxf5 19. 0-0 Rad8 20. Rae1 Rf6 21. Re4 Rdf8 22. Qe2 Qh5 23. Rd1 Rh6 24. h3 Ne7 25. c5 Nf5 26. cxd6 Qg5 27. Rxe5 Rxh3 28. Rxf5 Qxf5 29. gxh3 1-0

[Event "Chigorin Memorial 12th"]
[Site "St Petersburg"]
[Date "2004.10.21"]
[Round "6"]
[White "Iodo, Anna"]
[Black "Akimov, Dmitry"]
[Result "1-0"]
[WhiteElo "2137"]
[BlackElo "2292"]
[PlyCount "95"]
[EventDate "2004.10.16"]
[EventType "swiss"]
[EventRounds "9"]
[EventCountry "RUS"]
[SourceTitle "EXT 2005"]
[Source "ChessBase"]
[SourceDate "2004.11.15"]
[SourceVersion "1"]
[SourceVersionDate "2004.11.15"]
[SourceQuality "1"]

1. e4 e5 2. Nf3 Nc6 3. d4 exd4 4. c3 d5 5. exd5 Qxd5 6. cxd4 Nf6 7. Nc3 Bb4 8. Be2 Ne4 9. Bd2 Bxc3 10. bxc3 0-0 11. 0-0 Nxd2 12. Qxd2 Bf5 13. c4 Qd6 14. d5 Ne7 15. Nd4 Bd7 16. Rab1 b6 17. Rfd1 Rfe8 18. Nb5 Bxb5 19. cxb5 Rad8 20. Bf3 Ng6 21. g3 Ne5 22. Bg2 Nd7 23. Rbc1 Nc5 24. Re1 Qd7 25. Rb1 Rxe1+ 26. Qxe1 Re8 27. Qd2 Qe7 28. Rd1 Qd6 29. Re1 Re5 30. f4 Rxe1+ 31. Qxe1 Kf8 32. Qe3 Qf6 33. Qd2 Ke7 34. Kf2 Kd6 35. Ke3 Qa1 36. Kf2 Qb1 37. Qe2 Nd3+ 38. Ke3 Nc5 39. Kf2 f6 40. Bf3 Qd3 41. Qe8 Qc2+ 42. Kg1 Qg6 43. Qc6+ Ke7 44. Qxc7+ Ke8 45. Qb8+ Kd7 46. Qxa7+ Kc8 47. Qa8+ Kd7 48. Qc6+ 1-0

[Event "RUS-ch U18 Girls"]
[Site "Dagomys"]
[Date "2004.04.??"]
[Round "?"]
[White "Antipova, Anastasya"]
[Black "Iodo, Anna"]
[Result "1-0"]
[WhiteElo "2147"]
[BlackElo "2135"]
[PlyCount "50"]
[EventDate "2004.04.??"]
[EventType "swiss"]
[EventRounds "10"]
[EventCountry "RUS"]
[SourceTitle "EXT 2005"]
[Source "ChessBase"]
[SourceDate "2004.11.15"]
[SourceVersion "1"]
[SourceVersionDate "2004.11.15"]
[SourceQuality "1"]

1. e4 c5 2. Nc3 e6 3. Bc4 a6 4. a4 Nc6 5. d3 Nge7 6. Bg5 b6 7. f4 Qc7 8. Nge2 Bb7 9. 0-0 0-0-0 10. d4 f6 11. d5 exd5 12. exd5 Na5 13. Bxa6 Bxa6 14. d6 Qc6 15. dxe7 Bxe7 16. Bh4 d5 17. Nb5 Bxb5 18. axb5 Qxb5 19. Nc3 Qd7 20. Na4 Kb7 21. Bf2 d4 22. c3 Qd5 23. b4 dxc3 24. bxc5 Nb3 25. Rb1 Nd4 1-0

[Event "RUS-ch U18 Girls"]
[Site "Dagomys"]
[Date "2004.04.??"]
[Round "?"]
[White "Iodo, Anna"]
[Black "Kovanova, Baira"]
[Result "1/2-1/2"]
[WhiteElo "2135"]
[BlackElo "2225"]
[PlyCount "66"]
[EventDate "2004.04.??"]
[EventType "swiss"]
[EventRounds "10"]
[EventCountry "RUS"]
[SourceTitle "EXT 2005"]
[Source "ChessBase"]
[SourceDate "2004.11.15"]
[SourceVersion "1"]
[SourceVersionDate "2004.11.15"]
[SourceQuality "1"]

1. e4 e5 2. Nf3 Nc6 3. Bb5 Nf6 4. 0-0 Bc5 5. d3 d6 6. Bxc6+ bxc6 7. Nbd2 0-0 8. Nc4 Re8 9. Be3 Bxe3 10. Nxe3 d5 11. Re1 Rb8 12. b3 Qd6 13. Nd2 Be6 14. Qf3 Qb4 15. Rad1 Qc3 16. Qe2 Red8 17. f3 Qc5 18. g3 Nh5 19. Kg2 g6 20. c4 d4 21. Nc2 Qe7 22. b4 Bc8 23. Nb3 Qg5 24. Qd2 Qf6 25. Qh6 Qe6 26. Nc5 Qh3+ 27. Kg1 Rd6 28. Qd2 Ng7 29. Qg2 Qh5 30. g4 Qh4 31. Qg3 Qh6 32. Rf1 f5 33. h3 Qg5 1/2-1/2

[Event "RUS-ch U18 Girls"]
[Site "Dagomys"]
[Date "2004.04.??"]
[Round "?"]
[White "Shumilina, Alexandra"]
[Black "Iodo, Anna"]
[Result "1/2-1/2"]
[WhiteElo "2325"]
[BlackElo "2135"]
[PlyCount "70"]
[EventDate "2004.04.??"]
[EventType "swiss"]
[EventRounds "10"]
[EventCountry "RUS"]
[SourceTitle "EXT 2005"]
[Source "ChessBase"]
[SourceDate "2004.11.15"]
[SourceVersion "1"]
[SourceVersionDate "2004.11.15"]
[SourceQuality "1"]

1. d4 Nf6 2. c4 c5 3. d5 b5 4. cxb5 a6 5. b6 d6 6. Nc3 g6 7. Nf3 Bg7 8. e4 0-0 9. Nd2 Nfd7 10. Be2 Nxb6 11. 0-0 a5 12. a4 Na6 13. Re1 Nb4 14. Ndb1 e6 15. Na3 exd5 16. exd5 Bb7 17. Bf3 Rb8 18. Nab5 c4 19. Bf4 Nd3 20. Bxd6 Nxe1 21. Qxe1 Re8 22. Qd2 Rc8 23. Ba3 Bf8 24. Ne4 Bxd5 25. Ned6 Bxf3 26. gxf3 Re6 27. Qf4 Rf6 28. Qe5 Rc6 29. Nb7 Qd5 30. Qxd5 Nxd5 31. Bxf8 Kxf8 32. Nxa5 Rc8 33. Nb7 Rxf3 34. N7d6 Rc5 35. Nb7 Rc8 1/2-1/2

[Event "RUS-ch 1L (Women)"]
[Site "Serpukhov"]
[Date "2004.02.??"]
[Round "8"]
[White "Iodo, Anna"]
[Black "Chernova, Anastasia"]
[Result "1/2-1/2"]
[WhiteElo "2148"]
[BlackElo "2029"]
[PlyCount "64"]
[EventDate "2004.02.??"]
[EventType "swiss"]
[EventRounds "9"]
[EventCountry "RUS"]
[SourceTitle "EXT 2005"]
[Source "ChessBase"]
[SourceDate "2004.11.15"]
[SourceVersion "1"]
[SourceVersionDate "2004.11.15"]
[SourceQuality "1"]

1. e4 c6 2. d4 d5 3. exd5 cxd5 4. c4 Nf6 5. Nc3 Nc6 6. Nf3 Be6 7. c5 g6 8. Bb5 Bg7 9. Bxc6+ bxc6 10. Ne5 Bd7 11. 0-0 0-0 12. b4 a5 13. b5 cxb5 14. c6 Bxc6 15. Nxc6 Qc7 16. Nxe7+ Qxe7 17. Nxb5 Qb4 18. a4 Rfd8 19. Ba3 Qc4 20. Rc1 Qa2 21. Rc7 Rdc8 22. Qc1 Rxc7 23. Qxc7 Qe2 24. Nd6 Qe6 25. Rb1 Bf8 26. h3 Ne8 27. Nxe8 Bxa3 28. Rb8 Rxb8 29. Qxb8 Bf8 30. Qd8 Qe1+ 31. Kh2 Qxf2 32. Nf6+ Kg7 1/2-1/2

[Event "RUS-ch 1L (Women)"]
[Site "Serpukhov"]
[Date "2004.02.??"]
[Round "9"]
[White "Kabanova, Irina"]
[Black "Iodo, Anna"]
[Result "1/2-1/2"]
[WhiteElo "2012"]
[BlackElo "2148"]
[PlyCount "37"]
[EventDate "2004.02.??"]
[EventType "swiss"]
[EventRounds "9"]
[EventCountry "RUS"]
[SourceTitle "EXT 2005"]
[Source "ChessBase"]
[SourceDate "2004.11.15"]
[SourceVersion "1"]
[SourceVersionDate "2004.11.15"]
[SourceQuality "1"]

1. e4 c5 2. Nf3 Nc6 3. d4 cxd4 4. Nxd4 g6 5. Be3 Bg7 6. Nc3 Nf6 7. f3 d6 8. Qd2 0-0 9. Nd5 Nxd5 10. exd5 Nxd4 11. Bxd4 Bxd4 12. Qxd4 Bf5 13. c3 Qa5 14. Be2 b5 15. 0-0 Rfc8 16. f4 Rab8 17. g4 Bd7 18. a3 Qa4 19. Rad1 1/2-1/2

[Event "RUS-ch 1L (Women)"]
[Site "Serpukhov"]
[Date "2004.02.??"]
[Round "3"]
[White "Nechaeva, Marina"]
[Black "Iodo, Anna"]
[Result "1-0"]
[WhiteElo "2247"]
[BlackElo "2148"]
[PlyCount "99"]
[EventDate "2004.02.??"]
[EventType "swiss"]
[EventRounds "9"]
[EventCountry "RUS"]
[SourceTitle "EXT 2005"]
[Source "ChessBase"]
[SourceDate "2004.11.15"]
[SourceVersion "1"]
[SourceVersionDate "2004.11.15"]
[SourceQuality "1"]

1. d4 Nf6 2. c4 e5 3. dxe5 Ng4 4. Bf4 g5 5. Bd2 Nxe5 6. Bc3 Bg7 7. e3 Qe7 8. Ne2 f5 9. Ng3 0-0 10. Qd5+ Qe6 11. Qxe6+ dxe6 12. Na3 Rd8 13. Nb5 Na6 14. Be2 c6 15. Nd4 Nc5 16. 0-0-0 Na4 17. Nh5 Nxc3 18. bxc3 Bd7 19. f4 Nf7 20. Nxg7 Kxg7 21. Nb3 b6 22. c5 Kf6 23. Bh5 Be8 24. Bxf7 Bxf7 25. Nd4 gxf4 26. exf4 Rac8 27. Rhe1 bxc5 28. Nb3 c4 29. Rxd8 Rxd8 30. Na5 Rg8 31. g3 Be8 32. Nxc4 h5 33. Ne5 h4 34. Re3 hxg3 35. hxg3 Rh8 36. Kb2 Ke7 37. Kb3 Rh2 38. Nf3 Rh6 39. Nd4 Kd7 40. Kc4 Kc7 41. Nxf5 exf5 42. Rxe8 Rh2 43. a3 Rg2 44. Rf8 Rxg3 45. Rxf5 Rf3 46. Rf6 Kd7 47. a4 Ke7 48. Rxc6 Rxf4+ 49. Kb5 Kd7 50. Rc4 1-0

[Event "RUS-Cup 300 years (Women)"]
[Site "St Petersburg"]
[Date "2003.10.21"]
[Round "4"]
[White "Shaydullina, Sandugach"]
[Black "Iodo, Anna"]
[Result "1/2-1/2"]
[WhiteElo "2320"]
[BlackElo "2167"]
[PlyCount "43"]
[EventDate "2003.10.18"]
[EventType "swiss"]
[EventRounds "9"]
[EventCountry "RUS"]
[SourceTitle "EXT 2004"]
[Source "ChessBase"]
[SourceDate "2003.11.25"]
[SourceVersion "1"]
[SourceVersionDate "2003.11.25"]
[SourceQuality "1"]

1. d4 Nf6 2. c4 e5 3. dxe5 Ng4 4. Nf3 Bc5 5. e3 Nc6 6. Nc3 0-0 7. Be2 Ngxe5 8. 0-0 Re8 9. a3 a5 10. b3 Nxf3+ 11. Bxf3 Ne5 12. Be2 Ra6 13. Na4 Ba7 14. f4 Rd6 15. Qc2 Nc6 16. c5 Rh6 17. Bf3 d6 18. Rd1 Qe7 19. Rd5 Rxh2 20. Kxh2 Qh4+ 21. Kg1 Qe1+ 22. Kh2 1/2-1/2

[Event "RUS-ch (Women) 1st League"]
[Site "Serpukhov"]
[Date "2003.02.25"]
[Round "6"]
[White "Idrisova, Roza"]
[Black "Iodo, Anna"]
[Result "0-1"]
[WhiteElo "2103"]
[BlackElo "2132"]
[PlyCount "82"]
[EventDate "2003.02.20"]
[EventType "swiss"]
[EventRounds "9"]
[EventCountry "RUS"]
[SourceTitle "EXT 2004"]
[Source "ChessBase"]
[SourceDate "2003.11.25"]
[SourceVersion "1"]
[SourceVersionDate "2003.11.25"]
[SourceQuality "1"]

1. d4 Nf6 2. c4 c5 3. d5 b5 4. cxb5 a6 5. b6 d6 6. Nc3 g6 7. Nf3 Bg7 8. Nd2 0-0 9. e4 Nfd7 10. a4 a5 11. Bb5 Nxb6 12. 0-0 Na6 13. Ra3 Nb4 14. Nc4 Nxc4 15. Bxc4 e6 16. Nb5 Ra6 17. Rg3 exd5 18. Bxd5 Nxd5 19. exd5 Bd7 20. Na3 Rb6 21. Nc4 Rb4 22. b3 Bxa4 23. Qc2 Bb5 24. Re1 a4 25. Nd2 axb3 26. Nxb3 Ba4 27. Qa2 c4 28. Nd2 c3 29. Nf1 Bb3 30. Qa3 Qb6 31. Be3 Qb7 32. Qc1 Bxd5 33. Bh6 Bxh6 34. Qxh6 c2 35. Ne3 Be4 36. Ng4 f5 37. Qd2 fxg4 38. Rxg4 Rb1 39. f3 Rxe1+ 40. Qxe1 Qb1 41. Rxe4 c1Q 0-1